Daily Capital City Riddle #28 - Statistics

General Stats
  • This quiz has been taken 71 times
  • The average score is 31 of 34
Answer Stats
Type Answer % Correct
Correctly Placed Letter A
100%
Found Letter A
100%
Found Letter D
100%
Alphabet Letter S
100%
Found Letter B
98%
Alphabet Letter E
98%
Alphabet Letter I
98%
Alphabet Letter N
98%
Alphabet Letter R
98%
Found Letter G
97%
Alphabet Letter L
97%
Alphabet Letter M
97%
Alphabet Letter O
97%
Alphabet Letter U
97%
Alphabet Letter C
95%
Found Letter H
95%
Alphabet Letter P
93%
Alphabet Letter T
93%
Alphabet Letter K
92%
Alphabet Letter W
92%
Correctly Placed Letter A
90%
Correctly Placed Letter H
90%
Correctly Placed Letter B
88%
Alphabet Letter J
87%
Alphabet Letter Y
87%
Alphabet Letter F
83%
Alphabet Letter V
82%
Alphabet Letter X
80%
Correctly Placed Letter D
78%
Correctly Placed Letter G
78%
Alphabet Letter Q
78%
Alphabet Letter Z
78%
Mystery Capital Baghdad
77%
Correctly Placed Letter D
77%
No matching quizzes found
Score Distribution
Percent of People with Each Score
Percentile by Number Answered
Your Score History
You have not taken this quiz